| 000 | 00887nam a22002537a 4500 | ||
|---|---|---|---|
| 003 | UPN | ||
| 005 | 20230623063618.0 | ||
| 008 | 220223b1996 mx ||||| |||| 00| 0 spa d | ||
| 020 | _a9681648730 | ||
| 040 |
_aUPN _bspa _cUPN |
||
| 050 | 4 |
_aPT3919.T7 _bP8.48 1996 |
|
| 100 | 1 |
_aTraven, Bruno, _d1890-1969 _929464 |
|
| 240 | 1 | 0 |
_aBridge on the jungle. _lEspañol |
| 245 | 1 | 0 |
_aPuente en la selva / _cB. Traven ; ils. Manuel Ahumada ; tr. Esperanza Lopez Mateos. |
| 250 | _a2a ed. | ||
| 260 |
_aMéxico : _bFondo de Cultura Económica, _c1996. |
||
| 300 |
_a258 p. : _bilustraciones |
||
| 490 | 0 |
_aA la orilla del viento. Para los grandes lectores ; _v14 |
|
| 500 | _aTraducción de: Bridge on the jungle. | ||
| 650 | 4 |
_aCuentos infantiles mexicanos _97723 |
|
| 700 | 1 |
_943846 _aAhumada, Manuel, _d1956-2014 _eil. |
|
| 700 | 1 |
_943847 _aLópez Mateos, Esperanza, _etr. |
|
| 942 |
_2lcc _cLIBRO |
||
| 999 |
_c208185 _d208185 |
||